MARC

LEADER 00000nam0a2200000 4500
001 310440
005 20231102002304.0
020 |a RU  |b 82-15590 
035 |a (RuTPU)RU\TPU\book\335790 
090 |a 310440 
100 |a 20151125d1982 m y0rusy5003 ca 
101 0 |a rus 
102 |a RU 
105 |a a z 000zy 
200 1 |a Монтаж оборудования предприятий целлюлозно-бумажной промышленности  |e учебник  |f Б. И. Ушаков, А. А. Кузьмич 
205 |a 2-е изд., перераб. и доп. 
210 |a Москва  |c Высшая школа  |d 1982 
215 |a 240 с.  |c ил. 
225 1 |a Профтехобразование 
606 1 |a Целлюлозно-бумажная промышленность  |x Подьемно-транспортные машины  |2 stltpush  |3 (RuTPU)RU\TPU\subj\18010  |9 43546 
610 1 |a оборудование 
610 1 |a монтаж 
610 1 |a древесное сырье 
610 1 |a целлюлоза 
610 1 |a щелоки 
610 1 |a выпаривание 
610 1 |a древесная масса 
610 1 |a макулатурная масса 
610 1 |a отбелка 
610 1 |a картон 
610 1 |a сушка 
610 1 |a учебники 
675 |a 676.02(075.32)  |v 4 
700 1 |a Ушаков  |b Б. И.  |g Борис Иванович 
701 1 |a Кузьмич  |b А. А.  |g Андрей Александрович 
801 0 |a RU  |b RuMRKP  |c 19950704  |g psbo 
801 1 |a RU  |b 63413507  |c 20151125 
801 2 |a RU  |b 63413507  |c 20171018  |g RCR 
942 |c BK